The 2021 biennial exploratory scenario on the financial risks from climate change (Record no. 121180)

MARC details
000 -LEADER
fixed length control field 01340nam a22002177a 4500
001 - CONTROL NUMBER
control field K121180
008 - FIXED-LENGTH DATA ELEMENTS--GENERAL INFORMATION
fixed length control field 160218b2020 xxu||||| |||| 00| 0 eng dhttps://library-staff.rics.org/cgi-bin/koha/cataloguing/addbiblio.pl?frameworkcode=BK
041 ## - LANGUAGE CODE
Language code of text/sound track or separate title eng
110 ## - MAIN ENTRY--CORPORATE NAME
Corporate author Bank of England
245 ## - TITLE STATEMENT
Title The 2021 biennial exploratory scenario on the financial risks from climate change
Subtitle Discussion Paper
260 ## - PUBLICATION INFORMATION
Place of publication London
Publisher Bank of England
Date 2019
520 ## - ABSTRACT
Abstract The Bank of England will use its 2021 biennial exploratory scenario (BES) to explore the financial risks posed by climate change. The exercise will test the resilience of the current business models of the largest banks, insurers and the financial system to climate related risks and therefore the scale of adjustment that will need to be undertaken in coming decades for the system to remain resilient. Seeking stakeholders to participate in exercise. Consultation closes 18 March 2020.
650 ## - KEYWORDS
Keywords Climate change
650 ## - KEYWORDS
Keywords Banks
650 ## - KEYWORDS
Keywords Financial institutions
650 ## - KEYWORDS
Keywords Valuetheplanet
651 ## - SUBJECT ADDED ENTRY--GEOGRAPHIC NAME
Geographic name United Kingdom 1973
690 ## - BROAD SUBJECT
9 (RLIN) 6238
Broad subject Environment
856 ## - ONLINE RESOURCE
Uniform Resource Identifier <a href="https://www.bankofengland.co.uk/-/media/boe/files/paper/2019/the-2021-biennial-exploratory-scenario-on-the-financial-risks-from-climate-change.pdf">https://www.bankofengland.co.uk/-/media/boe/files/paper/2019/the-2021-biennial-exploratory-scenario-on-the-financial-risks-from-climate-change.pdf</a>
Public note View at Bank of England
942 ## - ADDED ENTRY ELEMENTS (KOHA)
Suppress in OPAC Do not suppress in OPAC
Holdings
Lost status Damaged status Not for loan Home library Current library Shelving location Date acquired Total Checkouts Date last seen Price effective from Koha item type
      Virtual Virtual Online 06/01/2020   06/01/2020 06/01/2020 Online material